000 01989nam a22003617a 4500
999 _c22085
_d22085
003 AR-CdUCM
008 190425b ||||| |||| 00| 0 spa d
040 _aMUNICIPALIDAD PROVINCIAL DEL CUSCO
_cBIBLIOTECA MUNICIPAL DEL CUSCO
082 _aParlante/N°75/2002
110 _aCentro Guamán Poma de Ayala
_920511
245 _aParlante :
_bRevista del Cusco /
260 _aCusco :
_bCentro de Educación y Comunicación Guamán Poma de Ayala,
_c2002.
300 _a32 páginas. :
_bilustraciones ;
_c30 cm.
440 _aParlante revista del Cusco.
_nAño 18, N°75, mayo 2002.
_947393
505 _aContenido: Reconocimiento nuestra diversidad. Hildebrando Castro Pozo. -- Gobiernos locales, Perú entre las crisis y las esperanzas: Michel Azcueta. -- Las mesas de concertación y los planes de desarrollo. -- Descentralización para generar desarrollo y democratizar. Luis Nieto Degregori. -- La Cámara de Comercio y los problemas de nuestra region. -- La fabrica de Lucre. Elena Llosa. -- Encuestas sobre gestión municipal elecciones, ruidos y derechos del consumidor. -- Recuperación el barrio de San Pedro. Giovanna Alfaro. -- Aguas subterráneas contaminadas. Rene Pumayalli. -- Unidas contra la violencia familiar. Luz Marina Monteagudo. -- El señor de las plantas. -- Se hace camino al andar. -- Peor imposible. Miriam Carmona.
650 _aGobiernos locales
_98462
650 _aDescentralización
_93895
650 _aProduccion y recursos
_947394
650 _aCentro Histórico Cusco
_946767
650 _aMedio ambiente
_947395
650 _aCultura
_9126
650 _aEducación
_9460
650 _aDeportes
_913763
700 _aCastro Pozo, Hildebrando
_911592
700 _aNieto Degregori, Luis
_96534
700 _aLlosa, Eleana
_99431
700 _aAlfaro, Giovanna
_947396
700 _aPumayalli, Rene
_947397
700 _aMonteagudo, Luz Marina
_947398
710 _aCentro Guamán Poma de Ayala
_920511
942 _2ddc
_cPP
945 _avhl